[Event "QA-ANNIV-02"]
[Site "http://www.queenalice.com/game.php?id=106451"]
[Date "2006.9.15"]
[Round "3"]
[White "franchouillard"]
[Black "gsmaior"]
[Result "0-1"]
[WhiteElo "2012"]
[BlackElo "2097"]

1. e4 c5 2. Nf3 d6 3. Bb5+ Bd7 4. Bxd7+ Qxd7 5. O-O Nc6 6. c4 Nf6 7. Nc3 g6 8.
d4 cxd4 9. Nxd4 Bg7 10. Be3 Ng4 11. Nxc6 Nxe3 12. fxe3 bxc6 13. Rc1 O-O 14. b3
f5 15. exf5 Rxf5 16. Rxf5 Qxf5 17. Qf3 Qxf3 18. gxf3 a5 19. Na4 Kf7 20. Kg2 g5
21. Rh1 h5 22. h3 Kg6 23. Rd1 Kf5 24. Rd3 g4 25. e4+ Kf4 26. hxg4 hxg4 27. fxg4
Kxe4 28. Rf3 Rg8 29. Rf2 Be5 30. Kh3 e6 31. Nb2 Rh8+ 32. Kg2 Rh2+ 0-1

[Event "AUTO-OPEN-149"]
[Site "http://www.queenalice.com/game.php?id=122158"]
[Date "2006.10.27"]
[Round "3"]
[White "pensalo"]
[Black "gsmaior"]
[Result "1/2-1/2"]
[WhiteElo "2230"]
[BlackElo "2121"]

1. e4 e5 2. Nf3 Nc6 3. Bb5 a6 4. Ba4 Nf6 5. O-O Be7 6. Re1 b5 7. Bb3 O-O 8. c3
d6 9. d4 Bg4 10. d5 Na5 11. Bc2 c6 12. h3 Bc8 13. dxc6 Qc7 14. Nbd2 Qxc6 15. a4
Be6 16. Ng5 Bd7 17. Nf1 h6 18. Nf3 Be6 19. Ng3 Rfc8 20. Re2 1/2-1/2

[Event "AUTO-OPEN-149"]
[Site "http://www.queenalice.com/game.php?id=122159"]
[Date "2006.10.27"]
[Round "3"]
[White "gsmaior"]
[Black "pensalo"]
[Result "1/2-1/2"]
[WhiteElo "2114"]
[BlackElo "2236"]

1. d4 Nf6 2. c4 d6 3. Nc3 g6 4. e4 Bg7 5. Nf3 O-O 6. Be2 c5 7. d5 Bg4 8. O-O
Nbd7 9. Bf4 a6 10. h3 Bxf3 11. Bxf3 Rb8 12. Qd2 Re8 13. a3 b5 1/2-1/2

[Event "QA-ANNIV-02"]
[Site "http://www.queenalice.com/game.php?id=128258"]
[Date "2006.11.11"]
[Round "4"]
[White "gsmaior"]
[Black "adrianabarros123"]
[Result "1-0"]
[WhiteElo "2118"]
[BlackElo "1807"]

1. d4 Nf6 2. c4 e6 3. Nc3 Bb4 4. e3 O-O 5. Nf3 Ne4 6. Qc2 f5 7. Bd3 b6 8. Bxe4
fxe4 9. Qxe4 d5 10. Qc2 Ba6 11. cxd5 exd5 12. Bd2 1-0

[Event "QA-ANNIV-02"]
[Site "http://www.queenalice.com/game.php?id=150569"]
[Date "2007.1.5"]
[Round "5"]
[White "popcorn"]
[Black "gsmaior"]
[Result "0-1"]
[WhiteElo "2101"]
[BlackElo "2125"]

1. d4 Nf6 2. c4 e6 3. Nf3 b6 4. a3 Bb7 5. Nc3 d5 6. cxd5 Nxd5 7. e3 Be7 8. Bb5+
c6 9. Be2 Nd7 10. e4 Nxc3 11. bxc3 O-O 12. O-O c5 13. Bd3 Rc8 14. Bd2 cxd4 15.
cxd4 Nc5 16. Qb1 Nxd3 17. Qxd3 f5 18. Qb3 Bxe4 19. Qxe6+ Kh8 20. Bb4 Bxb4 21.
axb4 Rc7 22. Qb3 Bxf3 23. Qxf3 Qxd4 24. b5 Qe5 25. Rfb1 h6 26. Ra2 Qxb5 0-1

[Event "chaturanga"]
[Site "http://www.queenalice.com/game.php?id=181114"]
[Date "2007.3.13"]
[Round "2"]
[White "gsmaior"]
[Black "Knightequila"]
[Result "1-0"]
[WhiteElo "2131"]
[BlackElo "1794"]

1. d4 d5 2. c4 e6 3. Nc3 Nf6 4. Bg5 Be7 5. e3 c6 6. Nf3 Nbd7 7. Bd3 dxc4 8. Bxc4
Nd5 9. Bxe7 Qxe7 10. O-O O-O 11. Rc1 N5b6 12. Bd3 e5 13. Qc2 g6 14. Rfe1 f5 15.
e4 f4 16. Ne2 g5 17. h3 h5 18. Qc3 g4 19. hxg4 hxg4 20. Nxe5 Nxe5 21. dxe5 f3
22. Ng3 Qh4 23. Bc2 fxg2 24. Bb3+ Kh7 25. Kxg2 Qh3+ 26. Kg1 Rf3 27. Re3 Rxe3 28.
Qxe3 Bd7 29. e6 Be8 30. Rc2 Rd8 31. Re2 Qh6 32. f4 Nc4 33. Bxc4 Rd1+ 34. Nf1 1-0

[Event "QA-ANNIV-02"]
[Site "http://www.queenalice.com/game.php?id=183852"]
[Date "2007.3.17"]
[Round "6"]
[White "csparrow"]
[Black "gsmaior"]
[Result "1-0"]
[WhiteElo "2377"]
[BlackElo "2136"]

1. Nf3 d5 2. d4 Nf6 3. c4 e6 4. Bg5 Be7 5. Nc3 h6 6. Bh4 O-O 7. e3 b6 8. Rc1 Bb7
9. Bxf6 Bxf6 10. cxd5 exd5 11. b4 c6 12. Bd3 Qd6 13. Qb3 Nd7 14. O-O Be7 15. a3
a5 16. e4 axb4 17. e5 Qe6 18. axb4 b5 19. Qb1 g6 20. h3 Rfd8 21. Rfe1 Nf8 22.
Re3 Ra7 23. Ne2 Qd7 24. Nf4 Ne6 25. Bxg6 Nxf4 26. Bxf7+ Kh8 27. e6 Qd6 28. Qf5
Bc8 29. Ne5 Bg5 30. Rxc6 Qxb4 31. h4 Bxh4 32. Qxf4 Qb1+ 33. Kh2 Bg5 34. Qg3 Qf5
35. Ng6+ 1-0

[Event "chaturanga"]
[Site "http://www.queenalice.com/game.php?id=206082"]
[Date "2007.5.4"]
[Round "3"]
[White "gsmaior"]
[Black "ALL"]
[Result "1-0"]
[WhiteElo "2128"]
[BlackElo "2297"]

1. d4 Nf6 2. c4 c5 3. d5 e6 4. Nc3 exd5 5. cxd5 d6 6. e4 g6 7. f4 Bg7 8. Bb5+
Nfd7 9. a4 O-O 10. Nf3 Na6 11. O-O Nc7 12. Bd3 a6 13. Re1 Re8 14. Be3 Rb8 15.
Bf2 b5 16. axb5 Nxb5 17. Nxb5 axb5 18. Qd2 Qc7 19. Bf1 b4 20. Rac1 1-0

[Event "QA-ANNIV-02"]
[Site "http://www.queenalice.com/game.php?id=210967"]
[Date "2007.5.14"]
[Round "7"]
[White "gsmaior"]
[Black "dladetto"]
[Result "1-0"]
[WhiteElo "2133"]
[BlackElo "1858"]

1. e4 e5 2. Nf3 Nf6 3. Nxe5 d6 4. Nf3 Nxe4 5. d4 d5 6. Bd3 Bd6 7. O-O O-O 8. c4
c6 9. Nc3 Nxc3 10. bxc3 dxc4 11. Bxc4 Bg4 12. Qd3 Nd7 13. Ng5 g6 14. h3 Bf5 15.
Qf3 Be7 16. Nxf7 Rxf7 17. g4 Qa5 18. gxf5 Qxf5 19. Qxf5 gxf5 20. Kh1 Bf6 21.
Rg1+ Kf8 22. Bh6+ Rg7 23. Rae1 Nb6 24. Re6 Bxd4 25. cxd4 Nxc4 26. Rxg7 1-0

[Event "QA-ANNIV-02"]
[Site "http://www.queenalice.com/game.php?id=241942"]
[Date "2007.7.18"]
[Round "8"]
[White "gsmaior"]
[Black "miguelvidal"]
[Result "0-1"]
[WhiteElo "2140"]
[BlackElo "2145"]

1. d4 Nf6 2. c4 g6 3. Nc3 Bg7 4. e4 d6 5. f3 O-O 6. Be3 Nc6 7. Nge2 a6 8. Qd2
Rb8 9. h4 b5 10. h5 Na5 11. Ng3 Nxc4 12. Bxc4 bxc4 13. O-O-O c6 14. Bh6 Qa5 15.
Bxg7 Kxg7 16. hxg6 fxg6 17. Qh6+ Kg8 18. Nge2 Rf7 19. Nf4 Rg7 20. Rd2 Bd7 21. g3
Rf8 22. d5 cxd5 23. exd5 g5 24. Nh5 Nxh5 25. Qxh5 Bf5 26. Re1 Qc5 27. Rde2 Bg6
28. Qg4 Kh8 29. Re3 Rb8 30. R3e2 Bd3 31. Rh2 Rf8 32. Rg2 Rf5 33. Re6 Rgf7 34. f4
Qd4 35. Re1 Rg7 36. Rd2 Qf6 37. fxg5 Rgxg5 38. Qh4 Rf3 39. Rh2 h5 40. Rg2 Bg6
41. Qxc4 Rg4 42. Qc8+ Kh7 43. Rd2 Rb4 44. Nb1 Rf1 0-1

[Event "chaturanga"]
[Site "http://www.queenalice.com/game.php?id=264861"]
[Date "2007.9.1"]
[Round "4"]
[White "fagner"]
[Black "gsmaior"]
[Result "0-1"]
[WhiteElo "1669"]
[BlackElo "2145"]

1. d4 Nf6 2. c4 e6 3. Nc3 Bb4 4. Qc2 c5 5. e3 Nc6 6. Nf3 O-O 7. Bd3 d5 8. O-O
dxc4 9. Bxc4 cxd4 10. Ne4 Nxe4 11. Qxe4 f5 12. Bxe6+ Kh8 13. Qd5 Bd6 14. Bxc8
Bxh2+ 0-1

[Event "QA-ANNIV-03"]
[Site "http://www.queenalice.com/game.php?id=270153"]
[Date "2007.9.11"]
[Round "3"]
[White "allazzarini"]
[Black "gsmaior"]
[Result "0-1"]
[WhiteElo "2056"]
[BlackElo "2146"]

1. e4 Nf6 2. Nc3 d5 3. e5 d4 4. exf6 dxc3 5. fxg7 cxd2+ 6. Qxd2 Qxd2+ 7. Bxd2
Bxg7 8. O-O-O Nc6 9. Bb5 Bd7 10. Ne2 O-O-O 11. Bg5 Rhg8 12. Ng3 Bxb2+ 13. Kxb2
Rxg5 14. Rhe1 Rxb5+ 15. Kc1 Nb4 0-1

[Event "QA-ANNIV-02"]
[Site "http://www.queenalice.com/game.php?id=311847"]
[Date "2007.11.28"]
[Round "10"]
[White "gsmaior"]
[Black "bobbyfour"]
[Result "1/2-1/2"]
[WhiteElo "2161"]
[BlackElo "2145"]

1. e4 d6 2. d4 Nf6 3. Nc3 g6 4. f4 Bg7 5. Nf3 c5 6. dxc5 Qa5 7. Bd3 Qxc5 8. Qe2
Bg4 9. Be3 Qa5 10. O-O O-O 11. h3 Bxf3 12. Qxf3 Nc6 13. a3 Nd7 14. Bd2 Qb6+ 15.
Kh1 Qd8 16. f5 Nce5 17. Qe3 Nxd3 18. cxd3 Rc8 19. Rac1 e6 20. Nb5 Bxb2 21. Rxc8
Qxc8 22. Nxd6 Qc5 23. fxg6 hxg6 24. Nc4 Bg7 25. Qf3 Qd4 26. Bb4 Nc5 27. Na5 b6
28. Nb3 Qd6 29. Rd1 Bd4 30. Rc1 e5 31. Kh2 f5 32. Qe2 fxe4 33. dxe4 Kh7 34. Qc4
Qf6 35. Nxd4 exd4 36. Bxc5 Rc8 37. Rf1 Qe5+ 38. Kh1 Rxc5 39. Qf7+ Kh6 40. Qf8+
Kg5 41. Qd8+ Kh6 42. Rd1 Rc4 43. Qf8+ Kg5 44. Qd8+ Kh6 1/2-1/2

[Event "QA-ANNIV-03"]
[Site "http://www.queenalice.com/game.php?id=316104"]
[Date "2007.12.6"]
[Round "4"]
[White "gsmaior"]
[Black "arvim"]
[Result "1/2-1/2"]
[WhiteElo "2161"]
[BlackElo "2106"]

1. e4 e6 2. d4 d5 3. Nc3 Nf6 4. Bg5 Be7 5. e5 Nfd7 6. Bxe7 Qxe7 7. f4 O-O 8. Nf3
c5 9. Qd2 Nc6 10. O-O-O c4 11. h4 a6 12. h5 b5 13. h6 g6 14. Kb1 Nb6 15. Re1 b4
16. Nd1 a5 17. Ne3 Ba6 18. Qf2 Na4 19. Ng4 c3 20. Nf6+ Kh8 21. b3 Nb2 22. Bxa6
Rxa6 23. Qh4 a4 24. Nd7 Qxh4 25. Rxh4 Rfa8 26. Nc5 R6a7 27. bxa4 Nxa4 28. Nb3
Nb2 29. Nc1 Nc4 30. Re2 Na3+ 31. Ka1 Na5 32. Rh2 N5c4 33. g3 Nb5 34. g4 Ra3 35.
Kb1 Na5 36. Rh1 Nc6 37. Rd1 R3a7 38. Ka1 Na3 1/2-1/2

[Event "QA-ANNIV-03"]
[Site "http://www.queenalice.com/game.php?id=360838"]
[Date "2008.2.25"]
[Round "5"]
[White "Amadeus"]
[Black "gsmaior"]
[Result "1-0"]
[WhiteElo "2553"]
[BlackElo "2163"]

1. d4 Nf6 2. Nf3 g6 3. Nc3 d5 4. Bf4 Bg7 5. e3 O-O 6. Be2 c5 7. Ne5 Nc6 8. O-O
cxd4 9. exd4 Qb6 10. Nxc6 bxc6 11. Na4 Qa5 12. c3 Nd7 13. b4 Qd8 14. Qd2 e5 15.
dxe5 Nxe5 16. Rad1 Bf5 17. Rfe1 Re8 18. Nc5 Qc7 19. Bd3 Bxd3 20. Nxd3 Re6 21.
Re3 Rae8 22. Qe2 Qe7 23. Bxe5 Bxe5 24. Nc5 Bf4 25. Rxe6 fxe6 26. g3 Bd6 27. Nb3
Qd7 28. Kg2 e5 29. b5 Bf8 30. Qd3 Rd8 31. a4 Qd6 32. Na5 e4 33. Qe2 Qa3 34. Nxc6
Rd6 35. c4 Qxa4 36. Rxd5 Rxd5 37. cxd5 Bc5 38. h4 h5 39. Nd8 Qd4 40. Qa2 Bd6 41.
Ne6 Qc3 42. Ng5 Qd4 43. b6 Qxb6 44. Qa1 Bf8 45. d6 Qb7 46. Qf6 e3+ 47. f3 Qg7
48. Qe6+ Kh8 49. Qc8 e2 50. Kf2 Qg8 51. d7 Be7 52. Qe8 1-0

[Event "QA-ANNIV-03"]
[Site "http://www.queenalice.com/game.php?id=385514"]
[Date "2008.4.10"]
[Round "6"]
[White "gsmaior"]
[Black "bruno_borges"]
[Result "1-0"]
[WhiteElo "2162"]
[BlackElo "1973"]

1. e4 e5 2. Nf3 Nc6 3. Bc4 Bc5 4. c3 Nf6 5. d3 d6 6. Nbd2 O-O 7. O-O h6 8. b4
Bb6 9. Bb3 a5 10. b5 Ne7 11. Nc4 Bc5 12. Re1 Bg4 13. h3 Bh5 14. d4 exd4 15. cxd4
Bb4 16. Bd2 Bxd2 17. Ncxd2 d5 18. e5 Nh7 19. Qc2 Bg6 20. Qc3 Qd7 21. a4 Ng5 22.
Nxg5 hxg5 23. Nf3 f6 24. Re2 Be4 25. Rxe4 1-0

[Event "QA-ANNIV-03"]
[Site "http://www.queenalice.com/game.php?id=413696"]
[Date "2008.6.5"]
[Round "7"]
[White "musampa"]
[Black "gsmaior"]
[Result "0-1"]
[WhiteElo "1910"]
[BlackElo "2168"]

1. f4 d5 2. d4 Bf5 3. e3 Nf6 4. Bd3 e6 5. Nf3 c5 6. O-O Bxd3 7. cxd3 cxd4 8.
Qa4+ Qd7 9. Qxd4 Nc6 10. Qa4 Be7 11. Nc3 O-O 12. Ne5 Nxe5 13. fxe5 Qxa4 14. Nxa4
Nd7 15. Bd2 Nxe5 16. d4 Nc4 17. Bc1 Rfc8 18. b3 Na3 19. Bxa3 Bxa3 20. Rf2 Rc7
21. Rb1 Rac8 22. b4 Rc1+ 23. Rxc1 Rxc1+ 24. Rf1 Rxf1+ 25. Kxf1 Bxb4 26. Ke2 b5
27. Nb2 f5 28. Nd3 Bd6 29. g3 g5 30. Ne5 Bxe5 31. dxe5 b4 32. Kd3 a5 33. h3 a4
34. Kc2 Kg7 35. Kd3 Kg6 36. Kd4 a3 37. Kd3 b3 0-1

[Event "QA-ANNIV-03"]
[Site "http://www.queenalice.com/game.php?id=446355"]
[Date "2008.8.9"]
[Round "8"]
[White "edgar_elka"]
[Black "gsmaior"]
[Result "1/2-1/2"]
[WhiteElo "2194"]
[BlackElo "2171"]

1. e4 Nf6 2. d3 e5 3. Nf3 Nc6 4. Be2 d5 5. Nbd2 Be7 6. c3 a5 7. O-O O-O 8. Qc2
h6 9. Rd1 Re8 10. Nf1 d4 11. Ng3 a4 12. cxd4 exd4 13. Bd2 Be6 14. Rdc1 Bf8 15.
h3 Bd6 16. e5 Nxe5 17. Nxd4 a3 18. bxa3 Bxa3 19. Nxe6 Rxe6 20. Rcb1 b6 21. Bc3
Nd5 22. Bxe5 Rxe5 23. d4 Rg5 24. Rb3 Nf4 25. Bf3 Ra7 26. Rd1 Bd6 27. Bc6 Qf6 28.
a4 Ne6 29. Ne2 Raa5 30. Be4 g6 31. g3 h5 32. h4 Rg4 33. Qc6 Qxh4 34. Bf3 Rgg5
35. Bg2 Qg4 36. f3 Qf5 37. f4 Rg4 38. Be4 Qf6 39. Bf3 Nxd4 40. Rxd4 Rxg3+ 41.
Kf1 Rh3 42. Rb5 Rxb5 43. axb5 Kg7 44. Qa8 Bc5 45. Rd7 c6 46. Bxc6 Qb2 47. Rd1
Qb3 48. Rc1 Qe3 49. Qa1+ Kh7 50. Rxc5 Qxc5 51. Qa7 Qf5 52. Qb7 Rd3 53. Qe7 Kg7
54. Kg2 Rb3 55. Kf2 Qc5+ 56. Qxc5 bxc5 57. Ke1 h4 58. Nc1 Rb1 59. Kd2 h3 60. Kc2
Rb4 61. Nd3 Rc4+ 62. Kd2 Rd4 63. Kc3 h2 64. Bg2 Rd6 65. Nxc5 Rb6 66. Kc4 Rf6 67.
Nd3 Rd6 68. Nb4 Rd2 69. Be4 Rf2 70. Nd3 Rf1 71. b6 h1=Q 72. Bxh1 Rxh1 73. Nb4
Kf6 74. b7 Rh8 75. Nc6 Kf5 1/2-1/2

[Event "QA-ANNIV-03"]
[Site "http://www.queenalice.com/game.php?id=525033"]
[Date "2009.1.18"]
[Round "10"]
[White "gsmaior"]
[Black "Rusty"]
[Result "1/2-1/2"]
[WhiteElo "2172"]
[BlackElo "2147"]

1. e4 e5 2. Nf3 Nc6 3. Bc4 Nf6 4. O-O Bc5 5. d3 d6 6. c3 O-O 7. Bb3 Qe7 8. Nbd2
a5 9. Nc4 b5 10. Ne3 Bxe3 11. Bxe3 a4 12. Bc2 Re8 13. Re1 Bd7 14. h3 h6 15. Bd2
Na5 16. b3 axb3 17. axb3 Nc6 18. d4 Qf8 19. Bd3 b4 20. Rxa8 Rxa8 21. dxe5 Nxe5
22. Nxe5 dxe5 23. cxb4 Be6 24. Bc3 Qd6 25. Bc4 Nxe4 26. Qxd6 Nxd6 27. Bxe6 fxe6
28. Bxe5 Rb8 29. Rc1 Rb7 30. Kf1 Kf7 31. Rc6 g6 32. Bxd6 cxd6 33. Rxd6 Rxb4 34.
Rd3 e5 35. Ke2 Ke6 36. f3 g5 37. Kd2 Rb8 38. Kc2 Kf5 39. Re3 h5 40. Re4 Ra8 41.
Kb2 Ke6 42. b4 Kd6 43. Kb3 Rb8 44. Rc4 Kd5 45. Rc7 g4 46. Rc5+ Kd6 47. fxg4 hxg4
48. hxg4 e4 49. Kc4 Re8 50. Rd5+ Kc7 51. Rd2 Rg8 52. Kd4 Rxg4 53. Re2 Kd6 54. b5
e3+ 55. Kxe3 Rb4 56. Kf3 Rxb5 57. Kf4 Rb8 58. g4 Rf8+ 59. Kg3 Rg8 60. Re4 Kd5
61. Ra4 Ke6 62. Kf4 Kf6 63. Ra6+ Kg7 64. Kg5 Kh7+ 65. Kh5 Re8 66. Ra7+ Kg8 67.
g5 Re6 68. Rd7 Rc6 69. Kg4 Rg6 70. Kh5 Re6 71. Rc7 Rd6 1/2-1/2